| 000 | 01856nam a22003017a 4500 | ||
|---|---|---|---|
| 003 | DO-SdBNP | ||
| 005 | 20210419115027.0 | ||
| 008 | 210312b 2007 dr 00| 0 spa d | ||
| 020 | _a9789993439479 | ||
| 040 |
_aBPMSU _bspa _cBPMSU |
||
| 082 |
_a972.9384 _bC355S _222 |
||
| 100 | 1 |
_aCastro, Norman de _b1933 - |
|
| 210 | _2 | ||
| 245 |
_aSanta Cruz de el Seibo : _bapuntes para su historia / _cNorman Agusto de Castro Cortes. |
||
| 260 |
_aSanto Domingo : _bLibreria la Trinitaria _c2007. |
||
| 300 |
_a204, [1 h ] p. : _bils.; _c23 cm. |
||
| 500 |
_aIncluye datos biográficos del autor en las solas _8 |
||
| 500 | _aIncluye referencias bibliográficas y notas al pie de las págianas | ||
| 500 |
_aContiene mapas y escudo en una hoja plegables _3 |
||
| 504 | _aBibliografía : p. 199 - 201. | ||
| 505 | 0 | _aAgradecimientos -- Advertencias -- Abreviaturas -- A manera de prólogo -- Sobre el nombre de la Villa -- Sobre la fecha de su fundación -- De los Caciques de Higüey -- Guerras del Cacicazgo de Higüey -- Concesión de armas y blasones -- Datos del arzobispo Domingo Fernández de Navarrete -- Fundación del el Seibo y algunas noticias sobre su iglesia (conferencia) -- Despoblación y segundo asentamiento -- Destrucción por terremoto y tercer asentamiento -- El Seibo y los seibanos en la historia -- Hitos y tradiciones seibanas -- Tres sonetos de Emilio A. Morel -- Historia de la división territorial de la provincia de El Seibo y demás provincias y poblaciones de la Región Oriental -- Epílogo -- Bibliografía consultada. | |
| 590 | _aInventariado ,2021/ MC. | ||
| 650 | 4 |
_aCiudades y pueblos _zRepública Dominicana |
|
| 651 | 4 |
_aEl Seibo (República Dominicana) _xHistoria. _y1844-1861 |
|
| 651 | 4 |
_aEl Seibo (República Dominicana) _xVida social y costumbres. |
|
| 910 | _aInventariado, 2021/ MC. | ||
| 942 |
_2ddc _cBK |
||
| 999 |
_c13394 _d13394 |
||